MARC

Tag First Indicator Second Indicator Subfields
LEADER 00000cam a2200000 a 4500
001 in00001406655
005 20151020072833.0
008 940728s1993 enk b 000 0 eng d
010 |a  96181815  
020 |a 1870737075 
035 |a (OCoLC)30842654 
035 |9 AHQ3606AM 
040 |a LNT  |c DLC  |d UtOrBLW 
042 |a lccopycat 
049 |a TXAM 
050 0 0 |a AS122  |b .L262 vol. 24, pt. 1  |a PR55.C63 
082 0 0 |a 080 s  |a 809  |a B  |2 21 
090 |a AS122  |b .L262 v. 24, pt. 1  
100 1 |a Thody, Philip Malcolm Waller,  |d 1928- 
245 1 0 |a Childhood remembered and recorded :  |b a review and discussion of three works by R.N. Coe /  |c P.M.W. Thody. 
264 1 |a Leeds :  |b Leeds Philosophical and Literary Society,  |c 1993. 
300 |a 13 pages ;  |c 25 cm. 
336 |a text  |b txt  |2 rdacontent 
337 |a unmediated  |b n  |2 rdamedia 
338 |a volume  |b nc  |2 rdacarrier 
490 1 |a Proceedings of the Leeds Philosophical and Literary Society, Literary and Historical Section ;  |v vol. 24, pt. 1, pp.1-16 
500 |a Pages also numbered [3]-[15]. 
504 |a Includes bibliographical references. 
600 1 0 |a Coe, Richard N.  |x Childhood and youth. 
600 1 0 |a Coe, Richard N.  |t Between the dog kennel and the apple tree. 
600 1 0 |a Coe, Richard N.  |t When the grass was taller. 
600 1 0 |a Coe, Richard N.  |t Reminiscences of childhood. 
650 0 |a Autobiography. 
650 0 |a Children. 
830 0 |a Proceedings of the Leeds Philosophical and Literary Society, Literary and Historical Section ;  |v vol. 24, pt. 1. 
999 |a MARS 
999 f f |s 2361b897-dadf-347e-a5a4-182db822913d  |i fa9642f3-103e-3c68-9684-cbf9d8055980  |t 0 
952 f f |p ric  |a Texas A&M University  |b Rellis Campus  |c Joint Library Facility  |d Remote Storage  |t 0  |e AS122 .L262 v.24, pt.1  |h Library of Congress classification  |i unmediated -- volume  |m A14821286294 
998 f f |a AS122 .L262 v.24, pt.1  |t 0  |l Remote Storage